000 01198nam a22002417a 4500
003 PE SENCICO BE
005 20260421174957.0
008 260421b |||||||| |||| 00| 0 eng d
040 _aPE SENCICO BE
_cPE SENCICO BE
041 _aspa
082 _a627.13
_bV68
_c2006
100 1 _aVillón Béjar, Máximo
_9644
_eautor
245 1 _aProblemas resueltos de hidráulica de canales /
_cMáximo Villón Béjar
250 _a2a ed.
260 _aLima :
_bVillón ;
_c2006
300 _a517 páginas :
_bgráficos ;
_c20.5 cm.
505 0 _aParámetros hidráulicos – Ecuaciones básicas – Flujo uniforme – Flujo crítico – Flujo rápidamente variado: resalto hidráulico -- Flujo gradualmente variado – Orificios, compuertas y vertederos.
520 3 _aPresenta una guía de problemas resueltos, dividiéndolo en temas como: parámetros hidráulicos, ecuaciones básicas, flujo crítico, flujo uniforme, flujo rápidamente variado, vertederos, orificios, entre otros, que contribuye al diseño de canales y estructuras hidráulicas
650 1 0 _aEstructuras hidráulicas
_9653
650 2 0 _aCanales (Ingeniería hidráulica)
_9654
910 _ahfp
942 _2ddc
_cLIB
999 _c9887
_d9887